000 00577nam a2200229Ia 4500
003 OSt
005 20220924133022.0
006 a|||||r|||| 00| 0
007 ta
008 220923b |||||||| |||| 00| 0 urd d
024 _a256046
037 _cTextual
040 _aARTS
_cARTS
_burd
041 _2urd
_aurd
082 _aO168,1L68x, J5
100 _aEjaj Hussain Ed.
_9205515
245 0 _aIntkhab-e-kalam-e-aatish
260 _c1955
650 _aURDU POETRY
942 _hO168,1L68x, J5
_cTEXL
_2CC
999 _c432408
_d432408